00703 2200229 4500001002100000005001700021008004100038020002200079035002500101040001200126082001000138084002000148100002400168245012400192250001100316260002700327300003500354500003100389650001700420700002400437850001200461INLIS00000000000912320150806132124.0  a978-979-29-2113-7 a0010-081500000000561 aYOPDYOG a636.3 aDEP 636.3 Agu S aAGUS RAMADA SETIADI a100 % jadi juragan dombab: buku pintar q & A sukses beternak dombac/ Agus Ramada Setiadi ; editor Th. Arie Prabawati. aCet.1. aYogyakartabAndic2013 avi, 105 hlm.b: ilus.c; 15 cm aBibliografi : hlm. 100-105 aTernak domba aArie Prabawati, Th. aYOPDYOG